| 000 | 00000nam 2200000za 4500 |
| 001 | 9.814315 |
| 003 | CaOODSP |
| 005 | 20221107141742 |
| 007 | cr ||||||||||| |
| 008 | 160405s2016 qucao o| f000 0 fre d |
| 040 | |aCaOODSP|bfre |
| 043 | |an-cn--- |
| 086 | 1 |aIP54-80/2016F-PDF |
| 245 | 02|aL'Internet des objets |h[ressource électronique] : |bintroduction aux enjeux relatifs à la protection de la vie privée dans le commerce de détail et à la maison / |cpréparé par le Groupe des politiques et de la recherche du Commissariat à la protection de la vie privée du Canada. |
| 260 | |aGatineau, QC : |bCommissariat à la protection de la vie privée du Canada, |c[2016]. |
| 300 | |a35 p. : |bill. (en coul.). |
| 500 | |aPublié aussi en anglais sous le titre : The Internet of things : an introduction to privacy issues with a focus on the retail and home environements. |
| 500 | |a« Février 2016 ». |
| 504 | |aComprend des réf. bibliogr. |
| 692 | 07|2gccst|aOrdinateur |
| 692 | 07|2gccst|aSécurité |
| 692 | 07|2gccst|aVie privée |
| 710 | 2 |aCommissariat à la protection de la vie privée du Canada. |
| 775 | 08|tThe Internet of things |w(CaOODSP)9.814314 |
| 856 | 40|qPDF|s1.28 Ko|uhttps://publications.gc.ca/collections/collection_2016/cpvp-opc/IP54-80-2016-fra.pdf |